000 01129nam a2200361 c 4500
999 _c8146
_d8146
003 BLK
005 20241109005512.0
008 180412b bul|||||r ||||||| ||bul||
010 _aKNG00009483000
040 _aBLK
041 _aBUL
_cBUL
072 7 _2bullib
_aК
_xКраезнание
072 7 _2bullib
_aРА
_xРусенски автори
080 _aБългарска литература
_b821.163.2
_x-1
_z821.163.2-1
100 1 _aКисьов, Здравко Крумов
_d1937-2015
_gПоет. Преводач.
_979339
139 _aКисьов, Здравко Крумов
_bК 60
245 1 0 _aМонолози
_cЗдравко Крумов Кисьов.
257 _aBGR
260 _bДърж. изд.
_c1966
300 _a64 с.
_c17 см
380 _aX
659 _aК
852 _aЦб І 8198
852 _aК 821.163.2/К 60-З
852 _aК 821.163.2/Б 60-З
856 4 _qpdf
_u
856 4 _qpdf
_u
942 _cKNG
_n0
_01
_s1
944 _aCR
_c28.05.2015
_k
_lCRON CRON
944 _aED
_c23.06.2015
_kВаля_Йорданова
999 _d8146
999 _d8146